Wira lubuk manggis

Bibliographic Details
Main Author: Samoza
Format: Book
Published: Kuala Lumpur : DBP , 1991
Series:Novel Remaja
Subjects:

MARC

LEADER 00000cam a2200000 7i4500
001 0000006719
002 000007244
005 20000330.0
020 |a 9836224254 
090 0 0 |a F   |b SAM 
100 0 |a Samoza 
245 1 0 |a Wira lubuk manggis   |c Samoza 
260 |a Kuala Lumpur :   |b DBP ,   |c 1991 
300 |a 198p. ;   |c 18cm. 
490 0 |a Novel Remaja 
650 0 0 |a Malay fiction 
999 |a 039487   |b BUKU   |c PINJAMAN   |e PERPUSTAKAAN KOMUNITI PETALING JAYA 
999 |a 039488   |b BUKU   |c PINJAMAN   |e PERPUSTAKAAN KOMUNITI PETALING JAYA